[Event "Karposh Open 2015"]
[Site "Skopje MKD"]
[Date "2015.03.28"]
[Round "2.3"]
[White "Perunovic, Milos"]
[Black "Dinev, Dejan"]
[Result "0-1"]
[WhiteElo "2632"]
[BlackElo "2317"]
[PlyCount "112"]
[EventDate "2015.03.27"]
[EventType "swiss"]
[EventRounds "9"]
[EventCountry "MKD"]
[Source "lmi"]
[SourceDate "2015.03.27"]

1. e4 d6 2. d4 Nf6 3. Nc3 c6 4. f4 g6 5. Nf3 Bg7 6. Bd3 Qb6 7. O-O Bg4 8. Kh1
Bxf3 9. Qxf3 Qxd4 10. Be3 Qb4 11. e5 Nfd7 12. a3 Qa5 13. exd6 exd6 14. Qe4+ Kd8
15. Rae1 d5 16. Qe7+ Kxe7 17. Bb6+ Kd6 18. Bxa5 b6 19. Bb4+ c5 20. Nb5+ Kc6 21.
Bc3 Bxc3 22. Nxc3 Nf6 23. Bb5+ Kd6 24. Be2 Nc6 25. Nb5+ Kd7 26. g4 a6 27. Nc3
d4 28. Na4 Kc7 29. Bf3 Rhe8 30. g5 Rxe1 31. Rxe1 Re8 32. Rxe8 Nxe8 33. Kg2 Nd6
34. Kf2 Nd8 35. Bd5 Nf5 36. b3 Ne3 37. Be4 Ne6 38. Kf3 Nf1 39. Bd3 Nd2+ 40. Kg4
b5 41. Nb2 Nb1 42. f5 Nf8 43. a4 Kb6 44. axb5 axb5 45. Kf4 Nd7 46. Bf1 Na3 47.
Bd3 Kc6 48. h4 Kd5 49. Be4+ Kd6 50. f6 c4 51. bxc4 bxc4 52. h5 Nc5 53. hxg6
hxg6 54. Nd1 Ne6+ 55. Kg4 Ke5 56. Nf2 Nc5 0-1

[Event "Karposh Open 2015"]
[Site "Skopje MKD"]
[Date "2015.03.28"]
[Round "2.4"]
[White "Vucinic, Gojko"]
[Black "Kozul, Zdenko"]
[Result "0-1"]
[WhiteElo "2320"]
[BlackElo "2630"]
[PlyCount "64"]
[EventDate "2015.03.27"]
[EventType "swiss"]
[EventRounds "9"]
[EventCountry "MKD"]
[Source "lmi"]
[SourceDate "2015.03.27"]

1. e4 c5 2. Nf3 e6 3. d4 cxd4 4. Nxd4 a6 5. Nc3 Qc7 6. Bd3 Bc5 7. Nb3 Be7 8.
Qe2 d6 9. Be3 Nd7 10. g4 b5 11. a3 Bb7 12. O-O-O Nc5 13. g5 Nxd3+ 14. Qxd3 h6
15. g6 Nf6 16. Rhg1 Rf8 17. gxf7+ Rxf7 18. Nd4 Bc8 19. f4 e5 20. Nf5 Bxf5 21.
exf5 Rc8 22. Rge1 Qc4 23. Qd2 Kf8 24. Kb1 Kg8 25. Bg1 Qxf4 26. Qxf4 exf4 27.
Rf1 Nh5 28. Rd5 Rc4 29. Bd4 Nf6 30. Bxf6 Bxf6 31. Rxd6 Bxc3 32. bxc3 Rxf5 0-1

[Event "Karposh Open 2015"]
[Site "Skopje MKD"]
[Date "2015.03.28"]
[Round "2.5"]
[White "Georgiev, Kiril"]
[Black "Soysal, Serkan"]
[Result "1/2-1/2"]
[WhiteElo "2623"]
[BlackElo "2302"]
[PlyCount "130"]
[EventDate "2015.03.27"]
[EventType "swiss"]
[EventRounds "9"]
[EventCountry "MKD"]
[Source "lmi"]
[SourceDate "2015.03.27"]

1. Nf3 Nf6 2. c4 c6 3. Nc3 d5 4. e3 g6 5. d4 Bg7 6. Qb3 O-O 7. Bd2 Qb6 8. Qa3
Bf5 9. Be2 Nbd7 10. O-O Rfc8 11. Rac1 Qd8 12. Rfd1 h6 13. Be1 Bf8 14. cxd5 cxd5
15. Ne5 Nb6 16. Qb3 Rab8 17. f3 Be6 18. Bg3 Ne8 19. a4 Nd6 20. a5 Nd7 21. Nxd7
Bxd7 22. Nxd5 Rxc1 23. Rxc1 Be6 24. Rc5 b6 25. axb6 Rxb6 26. Qc3 Bxd5 27. Rxd5
Qb8 28. Rc5 Rxb2 29. Kf2 Ra2 30. Qc1 Qb6 31. Rc2 Rxc2 32. Qxc2 e6 33. Bd3 Nf5
34. Bc7 Qb7 35. g4 Bd6 36. Ba5 Ne7 37. h4 Qc6 38. Qxc6 Nxc6 39. Bc3 Bb4 40. Bb2
Be7 41. h5 gxh5 42. gxh5 Nb4 43. Bc4 Nd5 44. f4 Nf6 45. Be2 Ne4+ 46. Kg2 Bb4
47. Ba6 Nf6 48. Kf3 Bd6 49. e4 Nxh5 50. Bc1 Ng7 51. Be3 Ne8 52. e5 Bb8 53. f5
Nc7 54. Bc8 h5 55. Bg5 Kf8 56. Bd7 exf5 57. Bxf5 Ne6 58. Be3 a5 59. Ke4 Ba7 60.
Bh6+ Ke8 61. d5 Nc5+ 62. Kd4 Nd7+ 63. Ke4 Nc5+ 64. Kd4 Nd7+ 65. Ke4 Nc5+
1/2-1/2

[Event "Karposh Open 2015"]
[Site "Skopje MKD"]
[Date "2015.03.28"]
[Round "2.6"]
[White "Janzelj, Tim"]
[Black "Markus, Robert"]
[Result "0-1"]
[WhiteElo "2305"]
[BlackElo "2615"]
[PlyCount "172"]
[EventDate "2015.03.27"]
[EventType "swiss"]
[EventRounds "9"]
[EventCountry "MKD"]
[Source "lmi"]
[SourceDate "2015.03.27"]

1. e4 c5 2. Nf3 e6 3. d4 cxd4 4. Nxd4 Nc6 5. Nc3 Qc7 6. g3 a6 7. Bg2 Nge7 8.
O-O Nxd4 9. Qxd4 Nc6 10. Qd1 d6 11. f4 Be7 12. Be3 b5 13. Ne2 O-O 14. c3 Bb7
15. Qd2 Rac8 16. g4 h6 17. Rac1 Rfe8 18. Ng3 Nb8 19. Kh1 Nd7 20. Qf2 Bh4 21.
Qe2 Bxg3 22. hxg3 Nf6 23. Bg1 Qc4 24. Rce1 Qxe2 25. Rxe2 Rc4 26. Rfe1 Nxg4 27.
Rd2 Nf6 28. Rxd6 Nxe4 29. Bxe4 Rxe4 30. Rxe4 Bxe4+ 31. Kh2 e5 32. fxe5 Rxe5 33.
Bd4 Rh5+ 34. Kg1 a5 35. Ra6 a4 36. b3 axb3 37. axb3 Bd5 38. b4 Rg5 39. Kh2 h5
40. Rb6 Bc4 41. Rb8+ Kh7 42. Re8 Be6 43. Rb8 Rf5 44. Kg2 Bd5+ 45. Kg1 Bc4 46.
Re8 Rf1+ 47. Kg2 Rd1 48. Re5 Kg6 49. Be3 f6 50. Rc5 Rd8 51. Kf3 Rd3 52. Kf2
Rxc3 53. Rc7 Rc2+ 54. Kg1 Re2 55. Bc5 Re8 56. Kf2 Rg8 57. Bd4 Kf5 58. Kf3 Bd5+
59. Kf2 Kg4 60. Rd7 Bc4 61. Bc3 Kf5 62. Rc7 Ke4 63. Rd7 Bd5 64. Ke2 Be6 65. Re7
Kd5 66. Rb7 Kc4 67. Rc7+ Kb3 68. Bd2 Bc4+ 69. Kf2 g5 70. Rc6 Rd8 71. Be3 Rd1
72. Bc5 h4 73. gxh4 gxh4 74. Rc8 Rd2+ 75. Kg1 h3 76. Rh8 Be6 77. Rh4 Rg2+ 78.
Kh1 Bg4 79. Be7 f5 80. Bd6 Rd2 81. Bc5 Kc3 82. Rh8 Bf3+ 83. Kg1 Rg2+ 84. Kf1
Be2+ 85. Ke1 h2 86. Rh3+ Kc2 0-1

[Event "Karposh Open 2015"]
[Site "Skopje MKD"]
[Date "2015.03.28"]
[Round "2.7"]
[White "Fier, Alexandr"]
[Black "Ilic, Zoran S"]
[Result "1/2-1/2"]
[WhiteElo "2601"]
[BlackElo "2295"]
[PlyCount "54"]
[EventDate "2015.03.27"]
[EventType "swiss"]
[EventRounds "9"]
[EventCountry "MKD"]
[Source "lmi"]
[SourceDate "2015.03.27"]

1. d4 Nf6 2. Bg5 Ne4 3. h4 c5 4. dxc5 Qa5+ 5. Nd2 Nxg5 6. hxg5 g6 7. Rh4 Nc6 8.
Rc4 Bg7 9. c3 Ne5 10. Nb3 Qc7 11. Rh4 a5 12. e3 a4 13. Nd2 a3 14. b4 b6 15.
cxb6 Qxc3 16. Rc1 Nd3+ 17. Bxd3 Qxd3 18. Qa4 Qd5 19. Qa5 Qb7 20. Rc7 Qxc7 21.
Qxa8 Qc6 22. Qxc6 dxc6 23. Ne4 Be6 24. b7 O-O 25. Ne2 Bxa2 26. Nc1 Bd5 27. Nc5
Rb8 1/2-1/2

[Event "Karposh Open 2015"]
[Site "Skopje MKD"]
[Date "2015.03.28"]
[Round "2.8"]
[White "Cvetkovic, Srdjan"]
[Black "Nabaty, Tamir"]
[Result "0-1"]
[WhiteElo "2296"]
[BlackElo "2590"]
[PlyCount "66"]
[EventDate "2015.03.27"]
[EventType "swiss"]
[EventRounds "9"]
[EventCountry "MKD"]
[Source "lmi"]
[SourceDate "2015.03.27"]

1. c4 b6 2. Nc3 Bb7 3. e4 e6 4. d3 Bb4 5. Bd2 Ne7 6. a3 Bxc3 7. Bxc3 O-O 8. Nf3
f5 9. exf5 Nxf5 10. Be2 c5 11. d4 cxd4 12. Bxd4 Nc6 13. Bc3 e5 14. O-O d6 15.
c5 d5 16. cxb6 d4 17. Qb3+ Kh8 18. bxa7 Rxa7 19. Bb4 Nxb4 20. Qxb4 e4 21. Ng5
Bd5 22. Bb5 Nh4 23. g3 h6 24. gxh4 hxg5 25. Qxd4 gxh4 26. Rad1 Qg5+ 27. Kh1 Bb7
28. Qxa7 Qxb5 29. Qe3 Rf3 30. a4 Qa6 31. Qg5 e3 32. Qxh4+ Kg8 33. Kg1 Qg6+ 0-1

[Event "Karposh Open 2015"]
[Site "Skopje MKD"]
[Date "2015.03.28"]
[Round "2.9"]
[White "Kanakaris, Georgios"]
[Black "Vocaturo, Daniele"]
[Result "0-1"]
[WhiteElo "2291"]
[BlackElo "2579"]
[PlyCount "160"]
[EventDate "2015.03.27"]
[EventType "swiss"]
[EventRounds "9"]
[EventCountry "MKD"]
[Source "lmi"]
[SourceDate "2015.03.27"]

1. d4 Nf6 2. c4 g6 3. Nc3 Bg7 4. e4 d6 5. Nge2 Nbd7 6. Ng3 e5 7. d5 h5 8. h4 a5
9. Bg5 Bh6 10. Bxh6 Rxh6 11. Qd2 Rh8 12. Be2 Nc5 13. O-O-O Qe7 14. f3 Nfd7 15.
Nb5 Nb6 16. Rdf1 Kd8 17. b3 Bd7 18. Nc3 Kc8 19. Qg5 Qf8 20. Qe3 Qg7 21. Bd1 f5
22. Qg5 f4 23. Nge2 a4 24. Bc2 Na6 25. g3 fxg3 26. Rfg1 Be8 27. Rxg3 axb3 28.
axb3 Nb4 29. Bb1 Nd7 30. Na4 Nc5 31. Nxc5 dxc5 32. Rd1 Ra6 33. Qe3 Qe7 34. Rg5
Bf7 35. Nc3 Rf6 36. Bd3 Rf8 37. Be2 Be8 38. Kb2 Ra6 39. Qg1 Rf4 40. Qg3 Qf6 41.
Qh3+ Kb8 42. Rh1 Qd6 43. Rgg1 Qf6 44. Qg3 Ra5 45. Qg5 Qd6 46. Ra1 Rxa1 47. Rxa1
b6 48. Rd1 Kb7 49. Ra1 Na6 50. Rg1 Nb8 51. Nd1 Nd7 52. Nf2 Qf6 53. Qxf6 Nxf6
54. Rh1 Nd7 55. Nd3 Rf8 56. Rg1 Kc8 57. Kc3 Kd8 58. Rg5 Ke7 59. Kd2 Kd6 60. Ke3
Bf7 61. Bd1 Re8 62. Be2 Nf6 63. Bf1 Nh7 64. Rg1 Nf6 65. Rg5 Nh7 66. Rg1 Nf6 67.
Bh3 Re7 68. Ra1 Re8 69. b4 cxb4 70. c5+ bxc5 71. Ra6+ Ke7 72. Rc6 Nxd5+ 73.
exd5 Bxd5 74. Rxc5 Kd6 75. Rb5 b3 76. Nc5 c6 77. Rxb3 Kxc5 78. Rb7 Ra8 79. Rg7
Ra3+ 80. Ke2 Rxf3 0-1

[Event "Karposh Open 2015"]
[Site "Skopje MKD"]
[Date "2015.03.28"]
[Round "2.11"]
[White "Veleski, Robert"]
[Black "Damljanovic, Branko"]
[Result "1/2-1/2"]
[WhiteElo "2279"]
[BlackElo "2562"]
[PlyCount "135"]
[EventDate "2015.03.27"]
[EventType "swiss"]
[EventRounds "9"]
[EventCountry "MKD"]
[Source "lmi"]
[SourceDate "2015.03.27"]

1. e4 c5 2. Nf3 e6 3. d4 cxd4 4. Nxd4 Nf6 5. Bd3 Qb6 6. Nb3 d6 7. Be3 Qc7 8.
Nc3 a6 9. a4 b6 10. O-O Nbd7 11. f4 Bb7 12. g4 Nc5 13. Nxc5 dxc5 14. g5 Nd7 15.
e5 h6 16. g6 f5 17. Be2 O-O-O 18. Qe1 h5 19. Qg3 Be7 20. Bf3 Rh6 21. Bxb7+ Qxb7
22. Qg2 Nf8 23. Qxb7+ Kxb7 24. Kf2 Rxg6 25. Rad1 Rxd1 26. Rxd1 h4 27. h3 Rg3
28. Rh1 g5 29. Ne2 gxf4 30. Bxf4 Rg8 31. c4 Kc6 32. Rd1 b5 33. axb5+ axb5 34.
cxb5+ Kxb5 35. Bh6 Kc6 36. Bxf8 Rxf8 37. Nf4 Rb8 38. Nxe6 Rxb2+ 39. Kf3 Rb4 40.
Ng7 Re4 41. Nxf5 Rxe5 42. Kg4 Re4+ 43. Kh5 Re5 44. Kg4 Re4+ 45. Kh5 c4 46.
Nxe7+ Rxe7 47. Kxh4 Rg7 48. Kh5 Rg2 49. h4 c3 50. Kh6 c2 51. Rc1 Kd6 52. h5 Ke6
53. Kh7 Kf6 54. h6 Rd2 55. Rf1+ Kg5 56. Rg1+ Kh5 57. Rh1+ Kg4 58. Rg1+ Kf5 59.
Rf1+ Ke6 60. Re1+ Kd5 61. Rc1 Kc4 62. Kg7 Rg2+ 63. Kf7 Rh2 64. Kg7 Kb3 65. h7
Kb2 66. Rxc2+ Kxc2 67. h8=Q Rxh8 68. Kxh8 1/2-1/2

[Event "Karposh Open 2015"]
[Site "Skopje MKD"]
[Date "2015.03.28"]
[Round "2.12"]
[White "Kazhgaleyev, Murtas"]
[Black "Zupe, Miran"]
[Result "1-0"]
[WhiteElo "2561"]
[BlackElo "2277"]
[PlyCount "71"]
[EventDate "2015.03.27"]
[EventType "swiss"]
[EventRounds "9"]
[EventCountry "MKD"]
[Source "lmi"]
[SourceDate "2015.03.27"]

1. d4 Nf6 2. c4 e6 3. Nc3 d5 4. Bg5 Be7 5. e3 h6 6. Bh4 O-O 7. Nf3 b6 8. Be2
Bb7 9. O-O Nbd7 10. Rc1 Ne4 11. Bxe7 Qxe7 12. cxd5 exd5 13. Qa4 a6 14. Qb3 Qd6
15. Rfd1 Rfe8 16. Ne1 Re7 17. Nd3 Rae8 18. Qb4 a5 19. Qb3 Nxc3 20. Rxc3 Ba6 21.
Nf4 Bxe2 22. Nxe2 Nb8 23. Rdc1 Rd8 24. h3 g6 25. Nf4 Kg7 26. Nd3 g5 27. a3 f5
28. Qc2 Rdd7 29. b4 axb4 30. axb4 c6 31. b5 cxb5 32. h4 b4 33. Rc8 Rd8 34. Rxd8
Qxd8 35. Nxb4 Qd6 36. h5 1-0

[Event "Karposh Open 2015"]
[Site "Skopje MKD"]
[Date "2015.03.28"]
[Round "2.13"]
[White "Bubalovic, Davorin"]
[Black "Zelcic, Robert"]
[Result "1/2-1/2"]
[WhiteElo "2268"]
[BlackElo "2553"]
[PlyCount "96"]
[EventDate "2015.03.27"]
[EventType "swiss"]
[EventRounds "9"]
[EventCountry "MKD"]
[Source "lmi"]
[SourceDate "2015.03.27"]

1. e4 c6 2. d4 d5 3. Nc3 dxe4 4. Nxe4 Bf5 5. Ng3 Bg6 6. h4 h6 7. Nf3 e6 8. h5
Bh7 9. Bd3 Nf6 10. Bxh7 Nxh7 11. Qd3 Bb4+ 12. Bd2 Bxd2+ 13. Qxd2 Nd7 14. O-O-O
Qc7 15. Kb1 O-O-O 16. Qe2 Rhe8 17. Ne5 Nb6 18. Ne4 f6 19. Ng6 Nd7 20. Qc4 f5
21. Nc5 Nxc5 22. Qxc5 b6 23. Qe5 Nf6 24. f3 c5 25. dxc5 Qxe5 26. Nxe5 bxc5 27.
c4 Rxd1+ 28. Rxd1 Rd8 29. Rxd8+ Kxd8 30. Nd3 Nd7 31. Kc2 Ke7 32. a3 a5 33. Kb3
e5 34. Ka4 e4 35. fxe4 fxe4 36. Nf4 Ne5 37. b3 Nc6 38. Kb5 Kd6 39. Nd5 Nd4+ 40.
Kxa5 Nxb3+ 41. Kb5 Ke5 42. a4 Kd4 43. g3 Kd3 44. Nf4+ Kc3 45. Ne2+ Kd3 46. Nf4+
Kd4 47. Ne2+ Ke5 48. g4 Kd6 1/2-1/2

[Event "Karposh Open 2015"]
[Site "Skopje MKD"]
[Date "2015.03.28"]
[Round "2.14"]
[White "Pavlidis, Antonios"]
[Black "Blagojevic, Tijana"]
[Result "1-0"]
[WhiteElo "2539"]
[BlackElo "2268"]
[PlyCount "69"]
[EventDate "2015.03.27"]
[EventType "swiss"]
[EventRounds "9"]
[EventCountry "MKD"]
[Source "lmi"]
[SourceDate "2015.03.27"]

1. e4 e5 2. Nf3 Nc6 3. Bb5 Nf6 4. d3 Bd6 5. c3 a6 6. Ba4 O-O 7. O-O Re8 8. Re1
b5 9. Bc2 Bf8 10. d4 d6 11. h3 h6 12. Nbd2 Bb7 13. a4 exd4 14. cxd4 Nb4 15. Bb1
d5 16. e5 Ne4 17. Nxe4 dxe4 18. Bxe4 Bxe4 19. Rxe4 Qd5 20. Re1 Rad8 21. Be3 Qb7
22. axb5 axb5 23. Qb3 Nd5 24. Rec1 Re6 25. Bd2 Be7 26. Ra5 Rb8 27. Rca1 Rg6 28.
Qd3 Bb4 29. Ra7 Qc8 30. Qe4 Bxd2 31. Qxd5 Bb4 32. Ra8 c6 33. Rxb8 Qxb8 34. Qd7
Re6 35. Ra6 1-0

[Event "Karposh Open 2015"]
[Site "Skopje MKD"]
[Date "2015.03.28"]
[Round "2.15"]
[White "Blagojevic, Dragisa"]
[Black "Janev, Pavel"]
[Result "1/2-1/2"]
[WhiteElo "2522"]
[BlackElo "2262"]
[PlyCount "69"]
[EventDate "2015.03.27"]
[EventType "swiss"]
[EventRounds "9"]
[EventCountry "MKD"]
[Source "lmi"]
[SourceDate "2015.03.27"]

1. d4 Nf6 2. c4 e6 3. Nf3 b6 4. g3 Bb7 5. Bg2 Be7 6. O-O O-O 7. Nc3 Ne4 8. Qc2
Nxc3 9. Qxc3 f5 10. d5 Bf6 11. Qc2 Na6 12. Rd1 Qe8 13. Be3 d6 14. Ne1 Nc5 15.
Rab1 a5 16. b3 Ne4 17. Bxe4 fxe4 18. Ng2 g5 19. Rbc1 Qg6 20. a3 e5 21. b4 axb4
22. axb4 Be7 23. c5 bxc5 24. bxc5 Bc8 25. cxd6 Bxd6 26. Qd2 Ra4 27. Ra1 Rxa1
28. Rxa1 Qf7 29. Rf1 Bb7 30. Bxg5 Qxd5 31. Qxd5+ Bxd5 32. Ne3 Be6 33. Rc1 Ra8
34. Nc4 Kf7 35. h4 1/2-1/2

[Event "Karposh Open 2015"]
[Site "Skopje MKD"]
[Date "2015.03.28"]
[Round "2.16"]
[White "Tsakiris, Haralambos"]
[Black "Kovacevic, Aleksandar"]
[Result "1/2-1/2"]
[WhiteElo "2265"]
[BlackElo "2517"]
[PlyCount "87"]
[EventDate "2015.03.27"]
[EventType "swiss"]
[EventRounds "9"]
[EventCountry "MKD"]
[Source "lmi"]
[SourceDate "2015.03.27"]

1. d4 Nf6 2. c4 e6 3. Nc3 Bb4 4. e3 O-O 5. Nf3 d5 6. Bd2 b6 7. Bd3 dxc4 8. Bxc4
Bb7 9. O-O c5 10. a3 cxd4 11. axb4 dxc3 12. Bxc3 Qe7 13. Ne5 Be4 14. Nf3 Bb7
15. Ne5 Ne4 16. Qg4 Nxc3 17. bxc3 Nd7 18. Nxd7 Qxd7 19. Ba6 Bxa6 20. Rxa6 Rac8
21. Rd1 Qe7 22. Ra3 Rc7 23. Qd4 Rfc8 24. h3 h6 25. Rd2 Qg5 26. Kh2 Qb5 27. Rda2
Rd7 28. Qe4 Rcc7 29. Qa8+ Kh7 30. Rxa7 Qe5+ 31. g3 Qxc3 32. Qe4+ g6 33. Rxc7
Rxc7 34. Ra8 Qf6 35. Kg2 b5 36. Rb8 Rc4 37. Qb7 Rxb4 38. Qc8 Qg7 39. Rb7 Rb2
40. Qe8 Rxf2+ 41. Kxf2 Qb2+ 42. Kf3 Qf6+ 43. Ke2 Qb2+ 44. Kf3 1/2-1/2

[Event "Karposh Open 2015"]
[Site "Skopje MKD"]
[Date "2015.03.28"]
[Round "2.17"]
[White "Mastrovasilis, Athanasios"]
[Black "Budima, Armend"]
[Result "1-0"]
[WhiteElo "2506"]
[BlackElo "2255"]
[PlyCount "80"]
[EventDate "2015.03.27"]
[EventType "swiss"]
[EventRounds "9"]
[EventCountry "MKD"]
[Source "lmi"]
[SourceDate "2015.03.27"]

1. d4 Nf6 2. Nf3 g6 3. c4 Bg7 4. Nc3 d6 5. Bf4 c6 6. e3 a6 7. Be2 O-O 8. O-O b5
9. Nd2 Re8 10. Rc1 b4 11. Na4 Ra7 12. e4 Nfd7 13. Be3 Nf8 14. Nb3 a5 15. c5 Ba6
16. d5 dxc5 17. Bxc5 Bxe2 18. Qxe2 Ra6 19. Rfd1 Nfd7 20. Be3 cxd5 21. Rxd5 e6
22. Rdd1 Rc6 23. Rxc6 Nxc6 24. Qb5 Nce5 25. f4 Ng4 26. Ba7 Qa8 27. Qxd7 Nf6 28.
Qc7 Qxe4 29. Qe5 Qb7 30. Qxa5 Nd5 31. Nac5 Qc6 32. Nd3 Qc4 33. Qc5 Qe4 34. Qf2
Ra8 35. Bd4 Bf8 36. Nbc5 Bxc5 37. Bxc5 Rxa2 38. Qd4 Qe2 39. Re1 Qd2 40. Qe4 b3
1-0

[Event "Karposh Open 2015"]
[Site "Skopje MKD"]
[Date "2015.03.28"]
[Round "2.18"]
[White "Sahitaj, Naim"]
[Black "Leniart, Arkadiusz"]
[Result "0-1"]
[WhiteElo "2259"]
[BlackElo "2488"]
[PlyCount "97"]
[EventDate "2015.03.27"]
[EventType "swiss"]
[EventRounds "9"]
[EventCountry "MKD"]
[Source "lmi"]
[SourceDate "2015.03.27"]

1. Nf3 Nf6 2. d4 d5 3. g3 e6 4. Bg2 Nbd7 5. O-O Be7 6. Nbd2 O-O 7. c4 b6 8. b3
Bb7 9. Ne5 Nxe5 10. dxe5 Nd7 11. Bb2 a5 12. cxd5 exd5 13. e4 Nc5 14. Qc2 d4 15.
Rad1 a4 16. f4 Kh8 17. Rfe1 a3 18. Ba1 Na6 19. Nc4 Nb4 20. Qe2 c5 21. Ne3 Re8
22. h4 Bf8 23. h5 Ba6 24. Nc4 Ra7 25. Bc3 b5 26. Nxa3 Qa5 27. Bb2 Nxa2 28. Ra1
Nc3 29. Qc2 Qc7 30. Nb1 Nxb1 31. Rexb1 Rd8 32. Bf1 Rda8 33. Rxa6 Rxa6 34. Bxb5
Rh6 35. Qe2 Qb6 36. g4 Rb8 37. Bc4 Rc6 38. Qd3 Rc7 39. Bc1 Ra8 40. f5 Ra5 41.
Bf4 Rca7 42. h6 g5 43. Bxg5 Bxh6 44. Bh4 Be3+ 45. Kf1 Ra2 46. Bf6+ Kg8 47. b4
Rf2+ 48. Ke1 Raa2 49. e6 0-1

[Event "Karposh Open 2015"]
[Site "Skopje MKD"]
[Date "2015.03.28"]
[Round "2.19"]
[White "Drenchev, Petar"]
[Black "Pecurica, Milos"]
[Result "1-0"]
[WhiteElo "2486"]
[BlackElo "2240"]
[PlyCount "75"]
[EventDate "2015.03.27"]
[EventType "swiss"]
[EventRounds "9"]
[EventCountry "MKD"]
[Source "lmi"]
[SourceDate "2015.03.27"]

1. d4 d5 2. c4 c6 3. Nf3 Nf6 4. Nc3 e6 5. e3 Nbd7 6. Bd3 dxc4 7. Bxc4 b5 8. Bd3
Bb7 9. e4 b4 10. Na4 c5 11. e5 Bxf3 12. Qxf3 Nd5 13. Be4 cxd4 14. Bxd5 exd5 15.
O-O Nc5 16. Nxc5 Bxc5 17. Qg3 Qd7 18. Qxg7 O-O-O 19. Qf6 Rhg8 20. Bd2 Rg6 21.
Qf3 Kb8 22. Rfc1 Rc8 23. g3 Qe6 24. Rc2 Qb6 25. Rac1 Rgc6 26. Qd3 h5 27. h4
R6c7 28. Bf4 Qe6 29. Qb5+ Bb6 30. Rxc7 Rxc7 31. Rxc7 Kxc7 32. Qxb4 Kd7 33. Qb5+
Kc8 34. Kg2 Qg6 35. Qxd5 Qc2 36. b3 Qxa2 37. e6 fxe6 38. Qxe6+ 1-0

[Event "Karposh Open 2015"]
[Site "Skopje MKD"]
[Date "2015.03.28"]
[Round "2.20"]
[White "Peczely, Sebastian Zsombor"]
[Black "Kuzmicz, Krystian"]
[Result "0-1"]
[WhiteElo "2254"]
[BlackElo "2485"]
[PlyCount "68"]
[EventDate "2015.03.27"]
[EventType "swiss"]
[EventRounds "9"]
[EventCountry "MKD"]
[Source "lmi"]
[SourceDate "2015.03.27"]

1. e4 g6 2. d4 Bg7 3. Be3 c6 4. c4 d5 5. exd5 cxd5 6. Nc3 Nf6 7. Nf3 Nc6 8. h3
O-O 9. Be2 Be6 10. c5 Ne4 11. O-O f5 12. Bf4 Bf7 13. Bb5 Nxd4 14. Nxd4 e5 15.
Be3 f4 16. Nxe4 fxe3 17. Nd6 exd4 18. fxe3 Be6 19. exd4 Rxf1+ 20. Bxf1 Qh4 21.
Qe2 Bxd4+ 22. Kh1 Bd7 23. Qf3 Bc6 24. Qf7+ Kh8 25. Nxb7 Qg3 26. Na5 Be5 27. Kg1
Bd4+ 28. Kh1 Be5 29. Kg1 Qh2+ 30. Kf2 Bg7 31. Ke2 Qe5+ 32. Kd1 Qd4+ 33. Ke1
Re8+ 34. Be2 Qxb2 0-1

[Event "Karposh Open 2015"]
[Site "Skopje MKD"]
[Date "2015.03.28"]
[Round "2.21"]
[White "Vragoteris, Antonios"]
[Black "Pancevski, Filip"]
[Result "0-1"]
[WhiteElo "2238"]
[BlackElo "2485"]
[PlyCount "61"]
[EventDate "2015.03.27"]
[EventType "swiss"]
[EventRounds "9"]
[EventCountry "MKD"]
[Source "lmi"]
[SourceDate "2015.03.27"]

1. e4 d6 2. d4 g6 3. Nc3 Bg7 4. Be3 c6 5. Qd2 Nf6 6. f3 b5 7. O-O-O Qc7 8. g4
h5 9. g5 Nfd7 10. f4 Nb6 11. Nf3 b4 12. Nb1 a5 13. Nh4 Bg4 14. Re1 c5 15. f5
Nc6 16. Bb5 O-O 17. h3 cxd4 18. Bf4 d3 19. Qxd3 b3 20. a4 bxc2 21. f6 exf6 22.
hxg4 fxg5 23. Bxd6 Qb7 24. Nc3 Rfd8 25. gxh5 Ne5 26. Qxc2 Rxd6 27. hxg6 gxh4
28. gxf7+ Kf8 29. Ref1 Nbc4 30. Bxc4 Nxc4 31. e5 0-1

[Event "Karposh Open 2015"]
[Site "Skopje MKD"]
[Date "2015.03.28"]
[Round "2.22"]
[White "Kosic, Dragan"]
[Black "Marjanovics, Annamaria"]
[Result "1/2-1/2"]
[WhiteElo "2478"]
[BlackElo "2230"]
[PlyCount "56"]
[EventDate "2015.03.27"]
[EventType "swiss"]
[EventRounds "9"]
[EventCountry "MKD"]
[Source "lmi"]
[SourceDate "2015.03.27"]

1. d4 Nf6 2. Nf3 e6 3. e3 c5 4. Bd3 b6 5. O-O Bb7 6. c4 Be7 7. Nc3 d5 8. cxd5
Nxd5 9. Nxd5 Bxd5 10. e4 Bb7 11. Bb5+ Bc6 12. Bxc6+ Nxc6 13. Qa4 Qd7 14. dxc5
Bxc5 15. Rd1 Qb7 16. e5 O-O 17. Bg5 Rfc8 18. Qg4 Bf8 19. h4 Ne7 20. Nd4 Ng6 21.
Qg3 Qe4 22. Nf3 h5 23. Rd4 Qc2 24. Rd2 Qf5 25. Rad1 b5 26. Re2 Bc5 27. Kh2 a5
28. a3 Rab8 1/2-1/2

[Event "Karposh Open 2015"]
[Site "Skopje MKD"]
[Date "2015.03.28"]
[Round "2.23"]
[White "Tuncer, Tuna"]
[Black "Nedev, Trajko"]
[Result "1/2-1/2"]
[WhiteElo "2234"]
[BlackElo "2470"]
[PlyCount "60"]
[EventDate "2015.03.27"]
[EventType "swiss"]
[EventRounds "9"]
[EventCountry "MKD"]
[Source "lmi"]
[SourceDate "2015.03.27"]

1. e4 c5 2. Nf3 e6 3. d4 cxd4 4. Nxd4 Nc6 5. Nc3 Qc7 6. Be3 a6 7. Qd2 Nf6 8. f3
Be7 9. O-O-O O-O 10. g4 Rd8 11. Qf2 d5 12. g5 Nh5 13. exd5 exd5 14. f4 Bg4 15.
Be2 Bxe2 16. Ncxe2 Bc5 17. Rhf1 Rac8 18. Kb1 Re8 19. Qf3 Re4 20. Nf5 Ne7 21.
Nxe7+ Bxe7 22. Nc3 Ba3 23. Bc1 Rb4 24. Ka1 Bxb2+ 25. Bxb2 Nxf4 26. Nxd5 Nxd5
27. Qxd5 Rxb2 28. Kxb2 Qc3+ 29. Kb1 Qxc2+ 30. Ka1 Qc3+ 1/2-1/2

[Event "Karposh Open 2015"]
[Site "Skopje MKD"]
[Date "2015.03.28"]
[Round "2.24"]
[White "Abramovic, Bosko"]
[Black "Demircioglu, Emre"]
[Result "1-0"]
[WhiteElo "2462"]
[BlackElo "2219"]
[PlyCount "101"]
[EventDate "2015.03.27"]
[EventType "swiss"]
[EventRounds "9"]
[EventCountry "MKD"]
[Source "lmi"]
[SourceDate "2015.03.27"]

1. c4 e6 2. Nf3 Nf6 3. g3 d5 4. Bg2 Be7 5. O-O O-O 6. Qc2 c6 7. d4 b6 8. Nbd2
Bb7 9. e4 Nbd7 10. b3 Rc8 11. Bb2 c5 12. exd5 exd5 13. Nh4 g6 14. Rad1 Re8 15.
Rfe1 Bc6 16. Qc3 Bf8 17. dxc5 Rxe1+ 18. Rxe1 dxc4 19. Bxc6 Rxc6 20. cxb6 Nxb6
21. Nxc4 Bg7 22. Qa5 Nfd5 23. Bxg7 Kxg7 24. Nf3 Qf6 25. Nfe5 Rc7 26. Qd2 h5 27.
h4 Re7 28. a4 Nc7 29. Nxb6 axb6 30. Nd7 Rxe1+ 31. Qxe1 Qd4 32. Qe5+ Qxe5 33.
Nxe5 Nd5 34. Kf1 Kf6 35. Nc4 Ke6 36. Ke2 f6 37. Kd3 Kd7 38. Ne3 Nc7 39. Kc4 Kc6
40. Nc2 Kd6 41. b4 g5 42. Nd4 Ke5 43. a5 bxa5 44. bxa5 Ke4 45. Kc5 Na6+ 46. Kb6
Nb4 47. Nc6 Nd5+ 48. Kb7 Nc3 49. a6 Nb5 50. Kb6 Nd6 51. Ne7 1-0

[Event "Karposh Open 2015"]
[Site "Skopje MKD"]
[Date "2015.03.28"]
[Round "2.25"]
[White "Sorgic, Dragan"]
[Black "Arnaudov, G. Petar"]
[Result "0-1"]
[WhiteElo "2220"]
[BlackElo "2461"]
[PlyCount "114"]
[EventDate "2015.03.27"]
[EventType "swiss"]
[EventRounds "9"]
[EventCountry "MKD"]
[Source "lmi"]
[SourceDate "2015.03.27"]

1. e4 e5 2. Nf3 Nc6 3. Bb5 a6 4. Ba4 Nf6 5. O-O Be7 6. Re1 b5 7. Bb3 d6 8. c3
O-O 9. h3 Bb7 10. d4 Nd7 11. Nbd2 exd4 12. cxd4 Nb4 13. Nf1 c5 14. a3 Nc6 15.
Bf4 Nxd4 16. Nxd4 cxd4 17. Qxd4 Nc5 18. Bc2 Rc8 19. Qd2 Re8 20. Ng3 Bf6 21.
Rab1 Ne6 22. Be3 d5 23. exd5 Qxd5 24. Qxd5 Bxd5 25. Be4 Ba2 26. Ra1 Bb3 27. Bb7
Rb8 28. Be4 g6 29. Re2 a5 30. Bc6 Red8 31. Ba7 Rbc8 32. Bxb5 Bd4 33. Bxd4 Nxd4
34. Re5 f6 35. Re3 Nc2 36. Rxb3 Nxa1 37. Re3 Kf7 38. Ne2 Nc2 39. Rf3 f5 40. Nc3
Nd4 41. Re3 Rxc3 42. Rxc3 Nxb5 43. Rc5 Rb8 44. a4 Nd6 45. Rxa5 Rxb2 46. Ra6 Ke6
47. a5 Kd5 48. Ra7 Ne4 49. Rxh7 Rxf2 50. Rg7 Ra2 51. Rxg6 f4 52. Kf1 Ng3+ 53.
Ke1 Rxg2 54. a6 f3 55. Rf6 Ke4 56. Kd1 Ra2 57. a7 Ke3 0-1